Word Ladder: Complete Tour Quiz Stats

 Plays Quiz Updated Jan 19, 2018

Challenge
Share
Tweet
Embed
Score 0/30 Timer 03:00
0 Plays Today
Clue Word % Correct
___, present, futurePAST
99.1%
*Start Tour* Football action
___ [Rung 4]: Travel document
• PASS •
96.9%
Succeed on an exam
*End Tour*
• PASS •
96.9%
Close one eye ;-)WINK
96.2%
Hockey siteRINK
94.8%
Admiral or Corporal, e.g.RANK
92.5%
Sushi grainsRICE
91.3%
Actor's role in a play or filmPART
91%
'She ___ a Yellow Ribbon'; filmWORE
90.9%
Dark Knight, Christian ___BALE
89.3%
Undercover tapping deviceWIRE
88.8%
Minute opening in the skinPORE
88.7%
___ [Rung 12]: A sommelier's organizer• WINE •
87.8%
Pen ____ (friends via letter)PALS
86.2%
___ [Rung 8]: Fortified Douro Valley drink• PORT •
84.7%
Clue Word % Correct
'Family Guy' MacFarlaneSETH
84.3%
'I ___ the fool' -Mr. TPITY
83.9%
Star Wars 'revenge seekers'SITH
82.1%
'___ and Morty' on Adult SwimRICK
80.9%
Layer inside a lemon rindPITH
79.8%
'___ of Spring' (Stravinsky)RITE
76.5%
___ [Rung 17]: 2012 Tyga hit• RACK •
75.2%
Cloth covering a coffinPALL
74.6%
Skipper in 'Gilligan's Island', Alan ___ JrHALE
71.1%
___ [Rung 27]: Clerk's office location• CITY •
70.1%
Refer to for proofCITE
69.8%
___ [Rung 30]: Student's permission slip• HALL •
69.4%
To restrain, as one's breathBATE
64%
City of SW EnglandBATH
63.4%
Broderick or Behrs, e.g.BETH
62.2%

Today's Daily Dose

Word Ladder
King of the...

Quick Pick
The Doors Songs

On This Day
August 17th II

You're not logged in!

Compare scores with friends on all Sporcle quizzes.
Join for Free
OR
Log In

You Might Also Like...

Show Comments

Extras

Top Quizzes Today


Score Distribution

Your Account Isn't Verified!

In order to create a playlist on Sporcle, you need to verify the email address you used during registration. Go to your Sporcle Settings to finish the process.

Report this User

Report this user for behavior that violates our Community Guidelines.

Details: